[Event "Titled Tuesday intern op 12th Sep Early"]
[Site "Chess.com INT"]
[Date "2023.09.12"]
[Round "7"]
[White "Sanduleac, Vasile"]
[Black "Nazari, Arad"]
[Result "0-1"]
[WhiteElo "2361"]
[BlackElo "2363"]
[PlyCount "88"]
[EventDate "2023.09.12"]
[EventType "swiss (blitz)"]
[EventRounds "11"]
[EventCountry "USA"]
[SourceTitle "EXT 2024"]
[Source "ChessBase"]
[SourceDate "2023.10.10"]
[SourceVersion "1"]
[SourceVersionDate "2023.10.10"]
[SourceQuality "1"]

1. e4 e6 2. Qe2 Nc6 3. Nf3 Bc5 4. c3 e5 5. b4 Bd6 6. d3 Nf6 7. Nbd2 0-0 8. Nc4 b5 9. Nxd6 cxd6 10. a4 bxa4 11. Rxa4 Qb6 12. Be3 Qb5 13. Qa2 d5 14. d4 Qb8 15. exd5 exd4 16. Nxd4 Nxd4 17. Bxd4 Qf4 18. Qd2 Qe4+ 19. Be2 Qxg2 20. Rf1 Nxd5 21. Qd3 Re8 22. Kd1 Nf4 23. Qf3 Qg6 24. Qxf4 Qb1+ 25. Qc1 Qxc1+ 26. Kxc1 Rxe2 27. Rxa7 Rxa7 28. Bxa7 Ba6 29. Rg1 f6 30. Bd4 Bc4 31. Rg3 Kf7 32. h3 d5 33. Be3 Ra2 34. Kb1 Re2 35. Rg4 h5 36. Rd4 g5 37. h4 g4 38. Rf4 g3 39. Bd4 g2 40. f3 Re1+ 41. Kc2 g1Q 42. Rxf6+ Ke7 43. Bxg1 Kxf6 44. Bd4+ Kf5 0-1

[Event "Titled Tuesday intern op 29th Aug Early"]
[Site "Chess.com INT"]
[Date "2023.08.29"]
[Round "6"]
[White "Sanduleac, Vasile"]
[Black "Goncharov, Vladimir"]
[Result "1-0"]
[WhiteElo "2368"]
[BlackElo "2077"]
[PlyCount "225"]
[EventDate "2023.08.29"]
[EventType "swiss (blitz)"]
[EventRounds "11"]
[EventCountry "USA"]
[SourceTitle "EXT 2024"]
[Source "ChessBase"]
[SourceDate "2023.10.10"]
[SourceVersion "1"]
[SourceVersionDate "2023.10.10"]
[SourceQuality "1"]

1. e4 e6 2. Qe2 c5 3. Nf3 Nc6 4. g3 g6 5. Bg2 Bg7 6. 0-0 Nge7 7. c3 0-0 8. Rd1 e5 9. a3 d5 10. d3 h6 11. b4 cxb4 12. axb4 Bg4 13. h3 Bxf3 14. Bxf3 d4 15. b5 Na5 16. Qa2 b6 17. c4 Nb7 18. Ba3 Qc7 19. Qb2 Rfe8 20. Nd2 Bf8 21. Nb3 Nc8 22. Bxf8 Rxf8 23. h4 Ncd6 24. Bg2 Nc5 25. Nxc5 Qxc5 26. Qa3 Qc7 27. Rf1 Nb7 28. f4 Nc5 29. f5 Kg7 30. f6+ Kh7 31. h5 g5 32. Bh3 a6 33. bxa6 Rxa6 34. Qxa6 Nxa6 35. Rxa6 b5 36. cxb5 Qc2 37. Ra3 Qb2 38. Ra7 Qxb5 39. Be6 Kg8 40. Bc4 Qb6 41. Re7 Qd6 42. Kg2 Qc5 43. Rf5 Qa3 44. Rexe5 Qb2+ 45. Rf2 Qc1 46. Re7 Qd1 47. e5 Qxh5 48. e6 fxe6 49. Bxe6+ Kh8 50. f7 g4 51. Re8 Kg7 52. Kg1 Qe5 53. Kg2 Qe3 54. Bxg4 Rxe8 55. fxe8Q Qxe8 56. Bf5 Qe3 57. Be4 h5 58. Rf4 Qe2+ 59. Kh3 Qe1 60. Kh4 Kh6 61. Rf6+ Kg7 62. Rf5 Qg1 63. Rxh5 Qh2+ 64. Kg4 Qe2+ 65. Kh4 Qe3 66. Rg5+ Kf6 67. Rg6+ Kf7 68. Rg4 Qg1 69. Rf4+ Kg7 70. Kg4 Qd1+ 71. Kg5 Qe1 72. g4 Qe3 73. Kf5 Qh3 74. Rf3 Qh8 75. g5 Qd8 76. Kg4 Qd7+ 77. Kg3 Qd6+ 78. Rf4 Qe5 79. g6 Qg5+ 80. Kf3 Qh5+ 81. Rg4 Qh3+ 82. Kf4 Qf1+ 83. Ke5 Qf6+ 84. Kd5 Qb6 85. Rf4 Qd8+ 86. Ke5 Qc7+ 87. Kf5 Qe7 88. Kg4 Qe6+ 89. Kg3 Qe5 90. Kf3 Qh5+ 91. Kg3 Qe5 92. Kg4 Qe6+ 93. Rf5 Qd6 94. Rf7+ Kg8 95. Kg5 Qe5+ 96. Rf5 Qe7+ 97. Kg4 Qd6 98. Rg5 Kg7 99. Kf3 Qh2 100. Rg3 Qd2 101. Kg4 Qd1+ 102. Kf5 Qe1 103. Rg4 Qa5+ 104. Kf4 Qc5 105. Kf3 Qc2 106. Rf4 Qd1+ 107. Kg3 Qd2 108. Kg4 Qe2+ 109. Kf5 Qh5+ 110. Ke6 Qc5 111. Rf7+ Kg8 112. Bd5 Qb6+ 113. Kf5 1-0

[Event "Titled Tuesday intern op 22nd Aug Early"]
[Site "Chess.com INT"]
[Date "2023.08.22"]
[Round "9"]
[White "Bold, Andre"]
[Black "Sanduleac, Vasile"]
[Result "1-0"]
[WhiteElo "2194"]
[BlackElo "2368"]
[PlyCount "89"]
[EventDate "2023.08.22"]
[EventType "swiss (blitz)"]
[EventRounds "11"]
[EventCountry "USA"]
[SourceTitle "EXT 2024"]
[Source "ChessBase"]
[SourceDate "2023.10.10"]
[SourceVersion "1"]
[SourceVersionDate "2023.10.10"]
[SourceQuality "1"]

1. d4 d6 2. e4 g6 3. Nc3 Bg7 4. Nf3 Bg4 5. Be2 c6 6. 0-0 Nd7 7. h3 Bxf3 8. Bxf3 Ngf6 9. Be3 0-0 10. Qd2 Qc7 11. g3 e5 12. Bg2 a6 13. Rad1 Rfe8 14. dxe5 dxe5 15. Qd6 Qa5 16. a3 Bf8 17. Qd2 Rad8 18. Nd5 Qxd2 19. Nxf6+ Nxf6 20. Rxd2 Rxd2 21. Bxd2 Rd8 22. Be3 Nd7 23. Rd1 Be7 24. Kf1 Nf8 25. Rxd8 Bxd8 26. Bf3 h5 27. c3 Ne6 28. Ke2 Kf8 29. Kd3 Ke7 30. b4 Kd7 31. Bd1 h4 32. Bg4 b5 33. Ke2 hxg3 34. fxg3 a5 35. Kf3 a4 36. h4 Bf6 37. Bf2 Ke7 38. Bxe6 Kxe6 39. g4 Be7 40. h5 g5 41. Bc5 Bxc5 42. bxc5 Kf6 43. Ke3 Ke6 44. Kd3 f6 45. c4 1-0

[Event "Titled Tuesday intern op 22nd Aug Early"]
[Site "Chess.com INT"]
[Date "2023.08.22"]
[Round "4"]
[White "Sanduleac, Vasile"]
[Black "Popov, Konstantin"]
[Result "0-1"]
[WhiteElo "2368"]
[BlackElo "2376"]
[PlyCount "44"]
[EventDate "2023.08.22"]
[EventType "swiss (blitz)"]
[EventRounds "11"]
[EventCountry "USA"]
[SourceTitle "EXT 2024"]
[Source "ChessBase"]
[SourceDate "2023.10.10"]
[SourceVersion "1"]
[SourceVersionDate "2023.10.10"]
[SourceQuality "1"]

1. e4 c5 2. Nf3 d6 3. Bb5+ Nd7 4. 0-0 a6 5. Bxd7+ Qxd7 6. d4 cxd4 7. Qxd4 e5 8. Qd3 Qc6 9. c4 Be6 10. b3 b5 11. Nbd2 Nf6 12. Ba3 bxc4 13. bxc4 Be7 14. Rac1 Nd7 15. Nb3 f6 16. Rfd1 Nc5 17. Nxc5 dxc5 18. Ne1 0-0 19. Nc2 Rfd8 20. Qe2 Qa4 21. Rxd8+ Rxd8 22. Qe3 Qxc2 0-1

[Event "Arad op 16th"]
[Site "Arad"]
[Date "2023.08.13"]
[Round "9"]
[White "Sanduleac, Vasile"]
[Black "Bulau, Andrei Cristian"]
[Result "1/2-1/2"]
[WhiteElo "2368"]
[BlackElo "2164"]
[PlyCount "96"]
[EventDate "2023.08.07"]
[EventType "swiss"]
[EventRounds "9"]
[EventCountry "ROU"]
[SourceTitle "EXT 2024"]
[Source "ChessBase"]
[SourceDate "2023.10.10"]
[SourceVersion "1"]
[SourceVersionDate "2023.10.10"]
[SourceQuality "1"]

1. e4 e6 2. d3 c5 3. Nf3 Nc6 4. g3 b6 5. Bg2 Bb7 6. 0-0 d6 7. d4 e5 8. c3 Nf6 9. Bg5 Be7 10. dxe5 dxe5 11. Qe2 h6 12. Bxf6 Bxf6 13. Nbd2 0-0 14. Rfd1 Qc7 15. Nf1 Ne7 16. Ne3 g6 17. Nd5 Nxd5 18. exd5 Rad8 19. c4 Bg7 20. h4 Rfe8 21. h5 e4 22. Nh4 g5 23. Nf5 Qe5 24. Nxg7 Kxg7 25. Rab1 b5 26. cxb5 Bxd5 27. b3 e3 28. Rxd5 Rxd5 29. Bxd5 exf2+ 30. Qxf2 Qxd5 31. Rf1 Qd4 32. Qxd4+ cxd4 33. Kf2 Re5 34. a4 Rc5 35. Rd1 Rc2+ 36. Ke1 Rc3 37. Rxd4 Rxb3 38. g4 a6 39. bxa6 Rb6 40. a7 Ra6 41. Rd7 Rxa4 42. Kd2 Kf6 43. Kc3 Ke6 44. Kb3 Ra1 45. Rb7 f5 46. Rb6+ Ke5 47. Rb5+ Ke6 48. Rb6+ Ke5 1/2-1/2

[Event "Satu Mare Szabo Memorial"]
[Site "Satu Mare"]
[Date "2021.08.14"]
[Round "9"]
[White "Sandor, Tamas1111"]
[Black "Sanduleac, Vasile"]
[Result "0-1"]
[WhiteElo "1965"]
[BlackElo "2432"]
[PlyCount "70"]
[EventDate "2021.08.08"]
[EventType "swiss"]
[EventRounds "9"]
[EventCountry "ROU"]
[SourceTitle "CBM 203 Extra"]
[Source "ChessBase"]
[SourceDate "2021.09.30"]
[SourceVersion "1"]
[SourceVersionDate "2021.09.30"]
[SourceQuality "1"]

1. e4 g6 2. d4 Bg7 3. Nc3 c6 4. Bc4 d6 5. a4 Nf6 6. Bb3 0-0 7. f4 Na6 8. e5 dxe5 9. fxe5 Nd5 10. Nxd5 cxd5 11. Ne2 Bg4 12. a5 f6 13. exf6 Rxf6 14. h3 Bxe2 15. Qxe2 Qd6 16. Kd1 Nc7 17. Be3 Re6 18. Qd2 Rf8 19. c3 Qg3 20. Re1 Bh6 21. Bxh6 Rxe1+ 22. Qxe1 Qd3+ 23. Bd2 Rf1 24. Rc1 Rxe1+ 25. Kxe1 Qb5 26. Bc2 Ne8 27. Bg5 Qxb2 28. Kd2 Nd6 29. Re1 Ne4+ 30. Rxe4 dxe4 31. Bxe7 e3+ 32. Kd3 Qb5+ 33. c4 Qf5+ 34. Kc3 Qxa5+ 35. Bb4 Qxb4+ 0-1

[Event "Satu Mare Szabo Memorial"]
[Site "Satu Mare"]
[Date "2021.08.13"]
[Round "7"]
[White "Filip, Lucian Ioan"]
[Black "Sanduleac, Vasile"]
[Result "1/2-1/2"]
[WhiteElo "2425"]
[BlackElo "2432"]
[PlyCount "61"]
[EventDate "2021.08.08"]
[EventType "swiss"]
[EventRounds "9"]
[EventCountry "ROU"]
[SourceTitle "CBM 203 Extra"]
[Source "ChessBase"]
[SourceDate "2021.09.30"]
[SourceVersion "1"]
[SourceVersionDate "2021.09.30"]
[SourceQuality "1"]

1. d4 d6 2. e4 g6 3. c4 Bg7 4. Nc3 c6 5. h3 Nf6 6. Nf3 0-0 7. Be3 Nbd7 8. Be2 e5 9. d5 c5 10. g4 a6 11. a4 a5 12. Qd2 Ne8 13. 0-0-0 Nb8 14. Rdg1 f6 15. Ne1 Rf7 16. Nd3 Nd7 17. h4 b6 18. Kb1 Nf8 19. Ka1 Raa7 20. Nc1 Nd7 21. Bd3 Bf8 22. N1e2 Ng7 23. Ng3 Be7 24. Bh6 Nf8 25. f3 Qe8 26. Rg2 Nd7 27. h5 g5 28. Bxg7 Rxg7 29. Nb5 Rb7 30. Nf5 Qf8 31. Nxg7 1/2-1/2

[Event "Satu Mare Szabo Memorial"]
[Site "Satu Mare"]
[Date "2021.08.09"]
[Round "2"]
[White "Sanduleac, Vasile"]
[Black "Talmaci, Chiril"]
[Result "1-0"]
[WhiteElo "2432"]
[BlackElo "1995"]
[PlyCount "103"]
[EventDate "2021.08.08"]
[EventType "swiss"]
[EventRounds "9"]
[EventCountry "ROU"]
[SourceTitle "CBM 203 Extra"]
[Source "ChessBase"]
[SourceDate "2021.09.30"]
[SourceVersion "1"]
[SourceVersionDate "2021.09.30"]
[SourceQuality "1"]

1. e4 c6 2. d4 d5 3. Nc3 dxe4 4. Nxe4 Nd7 5. Bd3 Ngf6 6. Ng5 g6 7. h4 Bg7 8. N1f3 h6 9. Nh3 Nb6 10. Ne5 c5 11. dxc5 Nbd7 12. Nxd7 Nxd7 13. Nf4 Nxc5 14. Bb5+ Bd7 15. Bxd7+ Qxd7 16. Qxd7+ Nxd7 17. c3 e6 18. Be3 0-0 19. 0-0-0 Rfd8 20. Kc2 b6 21. Nd3 Rac8 22. f3 Nf6 23. Nb4 Rxd1 24. Rxd1 a5 25. Nd3 Nd5 26. Bc1 b5 27. Nf4 b4 28. Nxd5 exd5 29. Rxd5 bxc3 30. b3 Re8 31. Kd1 Ra8 32. Be3 a4 33. b4 Rc8 34. Bc5 Rb8 35. a3 Re8 36. b5 Rb8 37. b6 Bf8 38. Bxf8 Kxf8 39. Rb5 Ke7 40. Kc2 Kd6 41. Kxc3 Kc6 42. Kb4 Kb7 43. Kxa4 Rd8 44. Ka5 Ra8+ 45. Kb4 Rd8 46. Kc3 Rd1 47. a4 Rc1+ 48. Kd3 Ra1 49. a5 Ra4 50. h5 gxh5 51. Rxh5 Ka6 52. Rf5 1-0

[Event "Chernivtsi Masters"]
[Site "Chernivtsi"]
[Date "2021.07.25"]
[Round "9"]
[White "Hulka, Valentyn"]
[Black "Sanduleac, Vasile"]
[Result "1/2-1/2"]
[WhiteElo "2150"]
[BlackElo "2432"]
[PlyCount "21"]
[EventDate "2021.07.20"]
[EventType "tourn"]
[EventRounds "9"]
[EventCountry "UKR"]
[EventCategory "1"]
[SourceTitle "CBM 203 Extra"]
[Source "ChessBase"]
[SourceDate "2021.09.30"]
[SourceVersion "1"]
[SourceVersionDate "2021.09.30"]
[SourceQuality "1"]

1. e4 g6 2. d4 Bg7 3. Nc3 c6 4. f4 d6 5. Nf3 Bg4 6. Be3 Qb6 7. Qd2 d5 8. Ne5 Nf6 9. exd5 cxd5 10. Nxg4 Nxg4 11. Bb5+ 1/2-1/2

[Event "EU-ch Online 2300+ Final"]
[Site "Chess.com INT"]
[Date "2020.05.30"]
[Round "4"]
[White "Sargsyan, Anna M"]
[Black "Sanduleac, Vasile"]
[Result "0-1"]
[WhiteElo "2405"]
[BlackElo "2432"]
[PlyCount "24"]
[EventDate "2020.05.30"]
[EventType "swiss"]
[EventRounds "8"]
[EventCountry "NET"]
[SourceTitle "CBM 196 Extra"]
[Source "ChessBase"]
[SourceDate "2020.07.31"]
[SourceVersion "1"]
[SourceVersionDate "2020.07.31"]
[SourceQuality "1"]

1. d4 d6 2. c4 e5 3. Nc3 exd4 4. Qxd4 Nc6 5. Qe3+ Be6 6. Nf3 Be7 7. Nd5 Nf6 8. Nxe7 Qxe7 9. b3 d5 10. cxd5 Nxd5 11. Qd2 0-0-0 12. Bb2 Ndb4 0-1

[Event "MDA-ch"]
[Site "Kishinev"]
[Date "2020.01.30"]
[Round "2"]
[White "Sanduleac, Vasile"]
[Black "Schitco, Ivan"]
[Result "1/2-1/2"]
[WhiteElo "2425"]
[BlackElo "2467"]
[PlyCount "65"]
[EventDate "2020.01.29"]
[EventType "tourn"]
[EventRounds "9"]
[EventCountry "MDA"]
[EventCategory "8"]
[SourceTitle "CBM 195 Extra"]
[Source "ChessBase"]
[SourceDate "2020.05.31"]
[SourceVersion "1"]
[SourceVersionDate "2020.05.31"]
[SourceQuality "1"]

1. e4 e5 2. Nf3 Nc6 3. Nc3 Nf6 4. d4 exd4 5. Nxd4 Bb4 6. Nxc6 bxc6 7. Bd3 0-0 8. 0-0 Re8 9. Qf3 Bd6 10. Bf4 Bxf4 11. Qxf4 d6 12. Rad1 Qe7 13. Rfe1 Nh5 14. Qd2 Qf6 15. b3 Nf4 16. Ne2 Nxd3 17. cxd3 a5 18. Qc3 Qxc3 19. Nxc3 f5 20. f3 Re7 21. Kf2 Bd7 22. Rc1 Rf8 23. d4 fxe4 24. Nxe4 Ree8 25. Nc3 Kf7 26. Re3 Rxe3 27. Kxe3 Re8+ 28. Kd2 g5 29. Nd1 h5 30. Ne3 g4 31. fxg4 hxg4 32. Rc4 Rh8 33. d5 1/2-1/2

[Event "ROM-chT div-A"]
[Site "Mamaia"]
[Date "2019.09.25"]
[Round "5.5"]
[White "Sanduleac, Vasile"]
[Black "Pavel, Sebastian Ionut"]
[Result "1/2-1/2"]
[WhiteElo "2426"]
[BlackElo "2183"]
[PlyCount "127"]
[EventDate "2019.09.21"]
[EventType "team-tourn"]
[EventRounds "9"]
[EventCountry "ROU"]
[SourceTitle "EXT 2020"]
[Source "ChessBase"]
[SourceDate "2019.10.17"]
[SourceVersion "1"]
[SourceVersionDate "2019.10.17"]
[SourceQuality "1"]
[WhiteTeam "Urziceni Viitorul"]
[BlackTeam "Arad University"]
[WhiteTeamCountry "ROU"]
[BlackTeamCountry "ROU"]

1. e4 c5 2. Nf3 d6 3. Bb5+ Nc6 4. Bxc6+ bxc6 5. e5 dxe5 6. Nxe5 Qd5 7. Nf3 Qe4+ 8. Kf1 Bg4 9. Nc3 Bxf3 10. Qxf3 Qxf3 11. gxf3 Nh6 12. d3 Nf5 13. Be3 Nd4 14. Bxd4 cxd4 15. Ne2 Rb8 16. Rb1 c5 17. Nc1 g6 18. Nb3 e6 19. Ke2 Bd6 20. Na5 Kd7 21. Nc4 Bc7 22. h3 h5 23. Rhg1 Bf4 24. c3 dxc3 25. bxc3 Rhc8 26. Rb3 Rxb3 27. axb3 Rb8 28. Rb1 Ke7 29. Ne3 Bxe3 30. fxe3 a5 31. Kd2 a4 32. b4 cxb4 33. cxb4 Kd6 34. Kc3 Kc6 35. Rc1 Kb5 36. Kb2 Rd8 37. d4 Kxb4 38. Rc7 e5 39. Rb7+ Kc4 40. dxe5 Rd2+ 41. Ka3 Rd3+ 42. Kxa4 Rxe3 43. f4 f5 44. exf6 Re6 45. Rb4+ Kd3 46. f7 Ra6+ 47. Kb5 Rf6 48. Rb3+ Ke4 49. Rg3 Rxf7 50. Rxg6 Rxf4 51. Rg5 h4 52. Kc4 Ke3+ 53. Kd5 Rf3 54. Re5+ Kf4 55. Kd4 Rxh3 56. Re4+ Kf3 57. Ke5 Rh1 58. Kf5 h3 59. Rf4+ Kg3 60. Rg4+ Kh2 61. Ra4 Kg3 62. Ra3+ Kh4 63. Ra4+ Kh5 64. Kf4 1/2-1/2

[Event "Satu Mare Szabo Memorial"]
[Site "Satu Mare"]
[Date "2019.08.06"]
[Round "6"]
[White "Sanduleac, Vasile"]
[Black "Secheres, Adrian Simion"]
[Result "1-0"]
[WhiteElo "2421"]
[BlackElo "2394"]
[PlyCount "93"]
[EventDate "2019.08.02"]
[EventType "swiss"]
[EventRounds "9"]
[EventCountry "ROU"]
[SourceTitle "CBM 191 Extra"]
[Source "ChessBase"]
[SourceDate "2019.09.30"]
[SourceVersion "1"]
[SourceVersionDate "2019.09.30"]
[SourceQuality "1"]

1. e4 c5 2. Nf3 Nc6 3. Bb5 g6 4. Bxc6 dxc6 5. d3 Bg7 6. Nc3 Nf6 7. h3 Nd7 8. Be3 e5 9. Qd2 h6 10. Nh2 b6 11. 0-0 Nf8 12. f4 exf4 13. Rxf4 Be6 14. Raf1 g5 15. R4f2 Qd6 16. Qe2 0-0-0 17. a4 Nd7 18. Rd1 Rdg8 19. a5 Bd4 20. axb6 axb6 21. Bxd4 cxd4 22. e5 Nxe5 23. Ne4 Qc7 24. Nf6 Rd8 25. c4 h5 26. Re1 Nd7 27. Nxh5 g4 28. hxg4 Rdg8 29. Qf3 Ne5 30. Rxe5 Qxe5 31. Qxc6+ Qc7 32. Qa8+ Qb8 33. Qe4 Qb7 34. Qxd4 Rd8 35. Qe3 Qc7 36. Nf4 Rde8 37. Qf3 Kb8 38. Nf1 Bc8 39. Nd5 Qd6 40. Qf4 Qxf4 41. Rxf4 Re2 42. Nxb6 Bb7 43. Nd5 Rxb2 44. Rxf7 Rb3 45. Nf4 Rb1 46. g5 Re8 47. g6 1-0

[Event "Satu Mare Szabo Memorial"]
[Site "Satu Mare"]
[Date "2019.08.05"]
[Round "5"]
[White "Trifan, Andrei Ioan"]
[Black "Sanduleac, Vasile"]
[Result "0-1"]
[WhiteElo "2250"]
[BlackElo "2421"]
[PlyCount "64"]
[EventDate "2019.08.02"]
[EventType "swiss"]
[EventRounds "9"]
[EventCountry "ROU"]
[SourceTitle "CBM 191 Extra"]
[Source "ChessBase"]
[SourceDate "2019.09.30"]
[SourceVersion "1"]
[SourceVersionDate "2019.09.30"]
[SourceQuality "1"]

1. e4 g6 2. d4 Bg7 3. Nc3 c6 4. f4 Qb6 5. Nf3 d5 6. exd5 Bg4 7. Be2 Bxf3 8. Bxf3 Qxd4 9. Qxd4 Bxd4 10. Bd2 Nf6 11. 0-0-0 cxd5 12. Nxd5 Nxd5 13. Bxd5 Nc6 14. Rhe1 e6 15. Bxc6+ bxc6 16. Bb4 0-0-0 17. Be7 Rd7 18. Rxd4 Rxd4 19. Bf6 Rhd8 20. Bxd8 Kxd8 21. Rd1 Rxd1+ 22. Kxd1 Ke7 23. Ke2 e5 24. fxe5 Ke6 25. Kd3 Kxe5 26. Kc4 f5 27. Kc5 f4 28. c4 g5 29. Kxc6 g4 30. c5 f3 31. gxf3 gxf3 32. Kd7 f2 0-1